000 00473nam a2200157 i 4500
001 55144
003 ES-MaACL
005 20230906163105.0
007 t|
008 030915s1967 sp ||||1| spa d
100 1 _aDelicado, Francisco.
_943512
245 1 0 _aTeatro de la lozana andaluza /
_cFrancisco Delicado ; ilustra Serafín.
260 _aBarcelona :
_bMarte,
_c[1967]
300 _aXXIV, 25-270 p., 1 lám. :
_bil. ;
_c27 cm.
852 _aES-MaACL
_jC-31493
_bR.62534
999 _c55144
_d55144